Southville International School and Colleges
Your cart is empty.
  • Cart
  • Lists
    Public lists Eva Luna New books Lux_list list_1
    Your lists Log in to create your own lists
  • Log in to your account
  • Your cookies
  • Search history
Southville International School and Colleges
  • Advanced search
  • Recent comments
  • Most popular
  • Libraries

Log in to your account

Log in with GOOGLE


If you do not have an external account, but do have a local account, you can still log in:

  1. Home
  2. MARC view: Private and public speaking /
Normal view MARC view ISBD view

Private and public speaking / (Record no. 293484)

[ view plain ]
MARC details
000 -LEADER
fixed length control field 00571nam a2200217Ia 4500
008 - FIXED-LENGTH DATA ELEMENTS--GENERAL INFORMATION
fixed length control field 160418s9999 xx 000 0 und d
020 ## - INTERNATIONAL STANDARD BOOK NUMBER
International Standard Book Number 971-23-3603-4
050 ## - LIBRARY OF CONGRESS CALL NUMBER
Classification number FIL PN 4121
050 ## - LIBRARY OF CONGRESS CALL NUMBER
Item number .C37 2003
100 ## - MAIN ENTRY--PERSONAL NAME
Personal name Carpio, Rustia C.
245 ## - TITLE STATEMENT
Title Private and public speaking /
245 ## - TITLE STATEMENT
Statement of responsibility, etc Rustia C. Carpio, Anacleta M. Encarnacion.
260 ## - PUBLICATION, DISTRIBUTION, ETC. (IMPRINT)
Place of publication, distribution, etc Manila:
260 ## - PUBLICATION, DISTRIBUTION, ETC. (IMPRINT)
Name of publisher, distributor, etc Rex Book Store, Inc.,
260 ## - PUBLICATION, DISTRIBUTION, ETC. (IMPRINT)
Date of publication, distribution, etc 2003
300 ## - PHYSICAL DESCRIPTION
Extent 327 pages :
300 ## - PHYSICAL DESCRIPTION
Other physical details illustrations ;
300 ## - PHYSICAL DESCRIPTION
Dimensions 22 cm.
650 ## - SUBJECT ADDED ENTRY--TOPICAL TERM
Topical term or geographic name as entry element Public speaking.
650 ## - SUBJECT ADDED ENTRY--TOPICAL TERM
General subdivision Effective speaking.
Holdings
Withdrawn status Lost status Damaged status Home library Current library Shelving location Date acquired Total Checkouts Full call number Barcode Date last seen Price effective from Koha item type
      South Mansfield College South Mansfield College Filipiniana Section 06/02/2005   FIL PN 4121 .C37 2003 SMC02671 04/18/2016 04/18/2016  

Private and public speaking /

APA

Carpio R. C., .Private and public speaking. Manila: .

Chicago

Carpio Rustia C, .Private and public speaking. Manila: .

Harvard

Carpio R. C., .Private and public speaking. Manila: .

MLA

Carpio Rustia C, .Manila: . .

  • Place hold
  • Print
  • Cite
  • Add to your cart (remove)
  • Save record
    BIBTEX Dublin Core MARCXML MARC (non-Unicode/MARC-8) MARC (Unicode/UTF-8) MARC (Unicode/UTF-8, Standard) MODS (XML) RIS
  • More searches
    Search for this title in:
    Other Libraries (WorldCat) Other Databases (Google Scholar) Online Stores (Bookfinder.com) Open Library (openlibrary.org)

Exporting to Dublin Core...

SOUTHVILLE LIBRARY

Southville International School and Colleges Library

1281 Tropical Ave. Cor. Luxembourg St., BF Homes International, Las Pinas City

Tel. No. 8256374 / 252358 Loc. 117/146

Powered by Koha